[Event "RNCC"]
[Site "?"]
[Date "1991.??.??"]
[Round "?"]
[White "Schreiber, Ian"]
[Black "Brameld, Arthur F"]
[Result "0-1"]
[WhiteElo "1720"]
[BlackElo "2135"]
[PlyCount "66"]
[EventDate "1991.??.??"]
[EventType "simul"]
[EventRounds "6"]

1. d4 c5 2. e3 e6 3. Nf3 Nf6 4. Nbd2 b6 5. b3 Bb7 6. Bb2 Be7 7. Bd3 cxd4 8. Bxd4 Nc6 9. Bb2 Nb4 10. Be2 Rc8 11. c3 Na6 12. O-O O-O 13. Nd4 Nc5 14. f3 Nd5 15. Nc4 Ba6 16. Qd2 f5 17. Rfc1 Bg5 18. f4 Ne4 19. Qe1 Be7 20. Nd2 Bxe2 21. Nxe2 $2 Nxe3 22. Nxe4 fxe4 23. Qg3 Nf5 24. Qg4 Bc5+ 25. Nd4 Qh4 26. Qxh4 Nxh4 27. g3 Nf5 28. Kg2 Bxd4 29. cxd4 Ne3+ 30. Kf2 Nc2 31. Ke2 Nxa1 32. Rxc8 Rxc8 33. Bxa1 Rc1 0-1

[Event "Ports Lge"]
[Site "?"]
[Date "1991.??.??"]
[Round "?"]
[White "Brameld, Arthur F"]
[Black "Jones, John H"]
[Result "1/2-1/2"]
[WhiteElo "2135"]
[BlackElo "2100"]
[PlyCount "40"]
[EventDate "1991.??.??"]
[EventType "simul"]
[EventRounds "8"]

1. e4 e6 2. d4 d5 3. Nd2 Nf6 4. e5 Nfd7 5. Bd3 c5 6. c3 Nc6 7. Ne2 Qb6 8. Nf3 cxd4 9. cxd4 Bb4+ 10. Bd2 Bxd2+ 11. Qxd2 Qb4 12. Rc1 Qxd2+ 13. Nxd2 f6 14. f4 O-O 15. O-O a6 16. a3 Nb6 17. Nf3 Bd7 18. exf6 gxf6 19. Nc3 Rae8 20. b4 e5 1/2-1/2

[Event "Ports Lge"]
[Site "?"]
[Date "1991.??.??"]
[Round "?"]
[White "Bradley, Ian R"]
[Black "Brameld, Arthur F"]
[Result "0-1"]
[WhiteElo "1935"]
[BlackElo "2135"]
[PlyCount "56"]
[EventDate "1991.??.??"]
[EventType "simul"]
[EventRounds "8"]

1. d4 Nf6 2. c4 e6 3. Nc3 c5 4. Nf3 cxd4 5. Nxd4 Nc6 6. Ndb5 d6 7. Bf4 e5 8. Bg5 a6 9. Na3 Be7 10. g3 Qb6 11. Na4 Qa5+ 12. Bd2 Qc7 13. Bg2 Rb8 14. Rc1 Be6 15. Nc3 Qd7 16. Nd5 O-O 17. O-O Bh3 18. Nc2 Bxg2 19. Kxg2 b5 20. Bc3 bxc4 21. Nce3 Nxd5 22. Qxd5 Rb5 23. Qxc4 d5 24. Rfd1 d4 25. Nf1 Qb7 26. e4 dxc3 27. Rxc3 Nd4 28. b3 Rc5 0-1

[Event "Perrott"]
[Site "?"]
[Date "1991.??.??"]
[Round "?"]
[White "Brameld, Arthur F"]
[Black "McInnes, Neil"]
[Result "1-0"]
[WhiteElo "2135"]
[BlackElo "1960"]
[PlyCount "49"]
[EventDate "1991.??.??"]
[EventType "simul"]
[EventRounds "2"]

1. e4 d5 2. exd5 Nf6 3. d4 Nxd5 4. c4 Nf6 5. Nc3 c6 6. Nf3 Bg4 7. Be3 e6 8. h3 Bh5 9. g4 Bg6 10. Ne5 Nfd7 $2 11. Nxg6 hxg6 12. Bg2 Nb6 13. Qb3 Qc7 14. O-O-O N8d7 15. Kb1 O-O-O 16. Ne4 Nf6 17. Ng5 Nh7 18. Nxh7 Rxh7 19. d5 c5 20. dxe6 fxe6 21. Rxd8+ Qxd8 22. Bf4 Qd4 23. Qf3 Nxc4 24. Qxb7+ Kd8 25. Bg5+ 1-0

[Event "Perrott"]
[Site "?"]
[Date "1991.??.??"]
[Round "?"]
[White "Hammond, Andy"]
[Black "Brameld, Arthur F"]
[Result "1-0"]
[WhiteElo "2135"]
[BlackElo "2135"]
[PlyCount "51"]
[EventDate "1991.??.??"]
[EventType "simul"]
[EventRounds "2"]

1. d4 Nf6 2. c4 e6 3. Nc3 Bb4 4. Qc2 c5 5. dxc5 Nc6 6. a3 Bxc5 7. Nf3 a5 8. Bg5 b6 9. Rd1 O-O 10. e3 Be7 11. Bd3 h6 12. h4 Ba6 13. Bf4 Nh5 14. Bh2 f5 15. Nb5 f4 16. Bg6 fxe3 17. Bxh5 exf2+ 18. Qxf2 Bc5 19. Qe2 Rxf3 20. Bxf3 Qxh4+ 21. g3 Qg5 22. Bxc6 dxc6 23. Nc7 Bxc4 24. Qxc4 Rf8 25. Qxe6+ Kh8 26. Rf1 1-0

[Event "NatClub"]
[Site "?"]
[Date "1991.??.??"]
[Round "?"]
[White "Brameld, Arthur F"]
[Black "Williams, D."]
[Result "1/2-1/2"]
[WhiteElo "2135"]
[BlackElo "2200"]
[PlyCount "75"]
[EventDate "1991.??.??"]
[EventType "simul"]
[EventRounds "3"]

1. e4 e6 2. d4 d5 3. Nd2 Nf6 4. e5 Nfd7 5. Bd3 c5 6. c3 Nc6 7. Ne2 cxd4 8. cxd4 f6 9. exf6 Qxf6 10. Nf3 Bb4+ 11. Bd2 Bxd2+ 12. Qxd2 O-O 13. O-O e5 14. dxe5 Ndxe5 15. Nxe5 Nxe5 16. Rac1 Bd7 17. Bb1 Bc6 18. Nd4 Rae8 19. b3 g6 20. f4 Ng4 21. Rf3 Qd6 22. h3 Nf6 23. f5 Ne4 24. Qh6 Bd7 25. fxg6 Qxg6 26. Qxg6+ hxg6 27. Rc7 Bc8 28. Kh2 g5 29. Bxe4 dxe4 30. Rg3 Re5 31. Rgc3 Bf5 32. Rxb7 e3 33. Nxf5 Rfxf5 34. Rc8+ Rf8 35. Rcc7 Rf6 36. Rc8+ Rf8 37. Rcc7 Rf6 38. Rc8+ $4 {38.Rg7+ wins .... 38....Kf8 39.Rh7 Kg8 (39....Rg6 40.Rh8+ Rg8 41.Rc8+ etc) 40.Rhe7! etc ?!?} 1/2-1/2

[Event "Ports Lge"]
[Site "?"]
[Date "1991.??.??"]
[Round "?"]
[White "Brameld, Arthur F"]
[Black "Wilkinson, John R"]
[Result "1/2-1/2"]
[WhiteElo "2135"]
[BlackElo "1840"]
[PlyCount "67"]
[EventDate "1991.??.??"]
[EventType "simul"]
[EventRounds "8"]

1. e4 Nf6 2. e5 Nd5 3. d4 d6 4. Nf3 dxe5 5. Nxe5 g6 6. c4 Nb6 7. Nc3 Bg7 8. Be3 O-O 9. Bd3 N8d7 10. Nf3 e5 11. d5 c6 12. dxc6 bxc6 13. O-O Qc7 14. Ng5 Nf6 15. f4 h6 16. Nge4 Nxe4 17. Nxe4 Bf5 18. Ng3 Bxd3 19. Qxd3 Rad8 20. Qc2 f5 21. fxe5 Qxe5 22. Rae1 Qxb2 23. Qxb2 Bxb2 24. Bxh6 Bd4+ 25. Kh1 Rfe8 26. Bg5 Rxe1 $6 27. Rxe1 Bf2 $2 28. Bxd8 $2 Bxe1 29. Bxb6 axb6 30. Ne2 Bf2 31. g3 Kf7 32. Kg2 Bc5 33. Kf3 Kf6 34. h4 1/2-1/2

[Event "Ports Lge"]
[Site "?"]
[Date "1992.??.??"]
[Round "?"]
[White "Brameld, Arthur F"]
[Black "Corkett, Anthony"]
[Result "0-1"]
[WhiteElo "2135"]
[BlackElo "2280"]
[PlyCount "58"]
[EventDate "1992.??.??"]
[EventType "swiss"]

1. e4 g6 2. d4 Bg7 3. Nc3 d6 4. f4 Nf6 5. Bd3 O-O 6. Nf3 Nc6 7. e5 Ng4 8. O-O Nb4 9. Bc4 dxe5 10. fxe5 c5 11. a3 Nc6 12. e6 Nxd4 13. Ng5 f5 14. Bf4 $6 (14. Nf7 $1 Rxf7 (14... Qa5 15. Bd2) 15. exf7+ Kf8 16. h3 Nf6 17. Bf4 $18) 14... Nxc2 $1 15. Nd5 Nxa1 16. Bc7 $2 {16.Nf7!} Qe8 17. Qe2 a6 18. Rxa1 {18.a4!?} b5 19. Ba2 Bb7 20. Rd1 Rc8 21. Bg3 {21.Ba5!?} c4 22. Nb6 Qc6 23. Nxc8 Bxc8 24. h3 Qc5+ 25. Kh1 Qe3 26. Re1 Qxg3 27. hxg4 Qh4+ 28. Nh3 fxg4 29. Rf1 gxh3 0-1

[Event "Cole Cup"]
[Site "?"]
[Date "1992.??.??"]
[Round "?"]
[White "Spurgeon, David"]
[Black "Brameld, Arthur F"]
[Result "0-1"]
[WhiteElo "2095"]
[BlackElo "2135"]
[PlyCount "98"]
[EventDate "1992.??.??"]
[EventType "game"]

1. d4 Nf6 2. c4 e6 3. g3 c5 4. Nf3 cxd4 5. Nxd4 Bb4+ 6. Bd2 Bxd2+ 7. Qxd2 Ne4 8. Qc2 Qa5+ 9. Nd2 Qxd2+ 10. Qxd2 Nxd2 11. Kxd2 a6 12. Bg2 Nc6 13. e3 Rb8 14. Rhd1 Nxd4 15. exd4 b5 16. c5 Bb7 17. Bxb7 Rxb7 18. Kc3 Ke7 19. b4 Ra8 20. a4 a5 21. bxa5 Rxa5 22. Rdb1 Rba7 23. Ra3 Rxa4 24. Rxa4 bxa4 25. Ra1 d6 26. Kb4 Rb7+ 27. Ka5 dxc5 28. dxc5 Kd7 29. Rxa4 Kc6 30. Rc4 Rb5+ 31. Ka4 Rxc5 32. Rh4 h5 33. Kb4 Rb5+ 34. Kc3 Rf5 35. f4 g6 36. Kd4 f6 37. Ke4 Kc5 38. Ke3 Kd6 39. Ke4 Ra5 40. g4 hxg4 41. Rh6 f5+ 42. Ke3 Ra3+ 43. Ke2 Rh3 44. Rxg6 Rxh2+ 45. Kf1 Rh3 46. Kg2 Rf3 47. Rg8 Rxf4 48. Kg3 Rf3+ 49. Kg2 Ke5 0-1

[Event "Ports Lge"]
[Site "?"]
[Date "1992.??.??"]
[Round "?"]
[White "Wheeler, John F"]
[Black "Brameld, Arthur F"]
[Result "1/2-1/2"]
[Annotator "Arthur F Brameld"]
[WhiteElo "2080"]
[BlackElo "2135"]
[PlyCount "116"]
[EventDate "1992.??.??"]
[EventType "swiss"]

1. d4 Nf6 2. c4 e6 3. Nf3 c5 4. d5 b5 5. g3 exd5 6. cxd5 d6 7. Bg2 g6 8. O-O Bg7 9. a4 b4 10. Nfd2 Ba6 11. Qc2 Nbd7 12. Nc4 Nb6 13. Nbd2 O-O 14. Nxb6 axb6 15. Nc4 Bb7 $6 16. Bf4 Ne8 17. Rad1 Ba6 18. b3 b5 19. axb5 Bxb5 20. Rfe1 Bxc4 21. Qxc4 Nc7 22. e4 Re8 23. e5 dxe5 24. d6 exf4 25. dxc7 Qxc7 26. Bxa8 Rxa8 27. gxf4 Bc3 28. Rf1 Qe7 29. Qd5 Re8 30. Rd3 Qe2 31. Rg3 {Sealed move.} Bd4 32. f5 Re5 33. Qa8+ Re8 34. Qf3 Kg7 35. Kg2 Re3 36. Qxe2 Rxe2 37. fxg6 hxg6 38. Rf3 f5 39. Rd1 Kf6 40. Kf1 Rb2 41. Re1 Bc3 42. Re8 Rxb3 43. Rc8 Rb1+ 44. Kg2 Bd4 45. Rc6+ Ke5 46. Rxg6 c4 47. Rg5 c3 48. Rfxf5+ Ke6 49. Ra5 c2 50. Ra6+ Kf7 51. Rb5 {51.Rf5+} Bf6 52. Rb7+ Kg6 53. Rbb6 Rg1+ $4 (53... c1=Q 54. Rxf6+ Kh5) 54. Kxg1 c1=Q+ 55. Kg2 Qc3 $2 (55... Qf4) 56. Ra4 Qc5 57. Rbxb4 Be5 58. Rg4+ Kf5 1/2-1/2

[Event "Ports Lge"]
[Site "?"]
[Date "1992.??.??"]
[Round "?"]
[White "Noyce, Robert C"]
[Black "Brameld, Arthur F"]
[Result "1-0"]
[WhiteElo "2135"]
[BlackElo "2135"]
[PlyCount "62"]
[EventDate "1992.??.??"]
[EventType "swiss"]

1. e4 d5 2. exd5 Qxd5 3. Nc3 Qa5 4. d4 Nf6 5. Nf3 Bg4 6. Be2 e6 7. Ne5 Bxe2 8. Qxe2 Bb4 9. Bd2 O-O 10. O-O Rd8 11. a3 Bxc3 12. Bxc3 Qd5 13. b3 Nc6 14. Rad1 Qe4 15. Qxe4 Nxe4 16. Nxc6 bxc6 17. Bb2 Rab8 18. a4 Nf6 19. Rfe1 Rd5 20. Rd3 Nd7 21. Red1 Nb6 22. Ba3 Rbd8 23. Bc5 a6 24. f3 f6 25. Rc3 Nd7 26. Be7 Re8 27. Ba3 e5 28. Rxc6 exd4 29. Rxc7 Re2 30. Kf1 Re3 31. c4 Rc3 {Sealed Move.} 1-0

[Event "NatClubPlate"]
[Site "?"]
[Date "1992.??.??"]
[Round "?"]
[White "Brameld, Arthur F"]
[Black "Rich, M."]
[Result "1-0"]
[WhiteElo "2135"]
[BlackElo "2130"]
[PlyCount "27"]
[EventDate "1992.??.??"]
[EventType "simul"]
[EventRounds "2"]

1. e4 c5 2. Nf3 d6 3. d4 cxd4 4. Qxd4 Bg4 5. Bb5+ Nd7 6. c4 a6 7. Ba4 Ngf6 8. e5 dxe5 9. Nxe5 Be6 10. Nc3 Qa5 11. Bd2 O-O-O 12. Nxd7 Nxd7 13. O-O b5 14. cxb5 1-0

[Event "Ports Lge"]
[Site "?"]
[Date "1992.??.??"]
[Round "?"]
[White "Corkett, Anthony"]
[Black "Brameld, Arthur F"]
[Result "1-0"]
[WhiteElo "2335"]
[BlackElo "2135"]
[PlyCount "91"]
[EventDate "1992.??.??"]
[EventType "swiss"]

1. c4 e5 2. Nc3 Nc6 3. a3 g6 4. e3 Bg7 5. Nf3 f5 6. d4 e4 7. Nd2 Nf6 8. Be2 O-O 9. O-O a5 10. Kh1 Bh6 11. Rb1 Qe7 12. Qc2 b6 13. b3 d6 14. b4 axb4 15. axb4 Bb7 16. c5 bxc5 {16....d5!?} 17. bxc5 Ba6 18. Bxa6 Rxa6 19. Qb3+ Qf7 20. Qb5 Rfa8 21. cxd6 cxd6 22. Nc4 Bf8 23. Nb6 Rxb6 24. Qxb6 Qc4 25. Qb3 d5 26. Qxc4 dxc4 27. Rb6 Rc8 28. d5 $6 Nd8 29. f3 Nd7 30. Rb1 exf3 31. gxf3 Bg7 {Sealed move.} 32. Nb5 c3 33. Nd6 Ra8 34. e4 Nc5 35. Be3 Nd3 36. Ra1 Rb8 37. Rfb1 Rxb1+ $6 38. Rxb1 f4 39. Bc1 Be5 $6 40. Rb8 Nxc1 41. Rxd8+ Kg7 42. Nb5 Nd3 43. Rc8 Ne1 44. d6 c2 45. d7 Bf6 46. Nd4 1-0

[Event "Ports Lge"]
[Site "?"]
[Date "1992.??.??"]
[Round "?"]
[White "Wilkinson, John R"]
[Black "Brameld, Arthur F"]
[Result "0-1"]
[WhiteElo "1840"]
[BlackElo "2135"]
[PlyCount "42"]
[EventDate "1992.??.??"]
[EventType "swiss"]

1. Nf3 c5 2. e4 Nc6 3. d3 g6 4. g3 Bg7 5. Bg2 d6 6. O-O Nf6 7. Nc3 O-O 8. h3 Rb8 9. a4 a6 10. Nh4 e5 11. f4 Nh5 12. Kh2 exf4 13. Bxf4 Nxf4 14. Rxf4 g5 15. Qh5 gxf4 16. gxf4 Qf6 17. Nf5 Bxf5 18. exf5 Qh6 19. Qg4 Kh8 20. Bd5 Bxc3 21. bxc3 Ne7 0-1

[Event "NatClubPlate"]
[Site "?"]
[Date "1992.??.??"]
[Round "?"]
[White "Brameld, Arthur F"]
[Black "Martin, Andrew D"]
[Result "0-1"]
[WhiteElo "2135"]
[BlackElo "2440"]
[PlyCount "78"]
[EventDate "1992.??.??"]
[EventType "simul"]
[EventRounds "2"]

1. e4 c6 2. d4 d5 3. exd5 cxd5 4. c4 Nf6 5. Nc3 e6 6. Nf3 Be7 7. Bg5 O-O 8. Bd3 dxc4 9. Bxc4 a6 10. a4 Nc6 11. O-O Nb4 12. Ne5 Bd7 13. Bxf6 $5 Bxf6 14. Ne4 Bc6 15. Nxf6+ Qxf6 16. Qd2 a5 17. f4 Rad8 18. b3 Rd6 19. Rad1 Rfd8 20. Qf2 Bd5 21. Rd2 h5 22. Rc1 (22. f5 $1 exf5 23. Qxf5 Qxf5 24. Rxf5) 22... Qf5 23. Bxd5 Nxd5 24. g3 Nf6 25. Rdd1 Ng4 26. Nxg4 Qxg4 27. Rd2 b6 28. Rc7 h4 29. Rc4 h3 $5 30. Qe3 Rd5 31. Kf2 Qf5 32. Qd3 Qf6 33. Ke3 Rf5 34. Qe4 b5 35. Rc7 g5 36. fxg5 (36. Rf2 bxa4 37. bxa4 Rb8 38. Rc3 Rb4) 36... Qxg5+ 37. Kd3 Re5 38. Qf3 $4 (38. Qf4 Qg6+ (38... Qxf4 39. gxf4 Red5 40. Ke4 bxa4 41. bxa4 Rb8 42. Rc4 Rb3 { f5 #} 43. Rd3 Rxd3 44. Kxd3 $11) 39. Kc3 Re4 40. Qf2) 38... Rxd4+ $1 39. Kxd4 Rd5+ 0-1

[Event "Ports Lge"]
[Site "?"]
[Date "1992.??.??"]
[Round "?"]
[White "Brameld, Arthur F"]
[Black "Harakis, Alexis"]
[Result "1/2-1/2"]
[WhiteElo "2135"]
[BlackElo "1820"]
[PlyCount "54"]
[EventDate "1992.??.??"]
[EventType "swiss"]

1. e4 e6 2. d4 d5 3. Nd2 Nf6 4. e5 Nfd7 5. Bd3 c5 6. c3 Nc6 7. Ne2 cxd4 8. cxd4 f6 9. exf6 Nxf6 10. Nf3 Bd6 11. O-O Qc7 12. Nc3 a6 13. Bg5 O-O 14. Bh4 g6 15. Bg3 Bxg3 16. hxg3 Qg7 17. Re1 $2 Ng4 18. Bf1 Qh6 19. Qc1 Qh5 $6 20. Qg5 Qxg5 21. Nxg5 Nxd4 22. Rad1 Nc2 23. Re2 Rf5 24. Nxe6 (24. Rxc2 Rxg5 25. Ne4 dxe4 26. Rd8+ Kg7 27. Be2 Ne5 28. Rcxc8 Rxc8 29. Rxc8 Rf5) 24... Nce3 25. fxe3 (25. Nc7 Nxd1 26. Nxa8 Nxc3 27. Re8+ Rf8 28. Rxf8+ Kxf8 29. bxc3 $11) 25... Bxe6 26. e4 dxe4 27. Rxe4 Rf6 {28.Rd6! Re8 29.Rdxe6 R(either)xe6 30.Bc4 Kf7 31.Rxg4 +- !!!} 1/2-1/2

[Event "Ports Lge"]
[Site "?"]
[Date "1992.??.??"]
[Round "?"]
[White "Tunks, Dominic R"]
[Black "Brameld, Arthur F"]
[Result "1-0"]
[WhiteElo "1940"]
[BlackElo "2095"]
[PlyCount "55"]
[EventDate "1992.??.??"]
[EventType "swiss"]

1. e4 Nf6 2. e5 Nd5 3. Bc4 e6 4. d4 Nb6 5. Bd3 c5 6. dxc5 Nd5 7. a3 Bxc5 8. Qg4 g6 9. Nf3 Nc6 10. O-O Qc7 11. Re1 Qb6 12. Re2 d6 13. c4 Nde7 14. Nc3 Nxe5 15. Nxe5 dxe5 16. Qg5 Qd8 $2 17. Ne4 f5 $2 18. Nxc5 b6 19. Rd2 bxc5 20. Be4 Nd5 21. Qxd8+ Kxd8 22. Bc2 Bb7 23. Bb3 Rc8 24. cxd5 c4 25. dxe6+ Ke7 26. Rd7+ Kxe6 27. Rxb7 cxb3 28. Bd2 1-0

[Event "NATO, Munster"]
[Site "?"]
[Date "1992.??.??"]
[Round "?"]
[White "Brameld, Arthur F"]
[Black "Charles, Freddy"]
[Result "1/2-1/2"]
[WhiteElo "2095"]
[BlackElo "1765"]
[PlyCount "34"]
[EventDate "1992.??.??"]
[EventType "simul"]
[EventRounds "7"]

1. e4 c6 2. d4 d5 3. exd5 cxd5 4. c4 Nf6 5. Nc3 e6 6. Bg5 Be7 7. c5 Nc6 8. Nf3 O-O 9. Rb1 a5 10. Bb5 Bd7 11. a3 b6 12. b4 axb4 13. axb4 bxc5 14. bxc5 Ra3 15. Rb3 Qa5 16. Rxa3 Qxa3 17. Qd2 Qa1+ 1/2-1/2

[Event "NATO, Munster"]
[Site "?"]
[Date "1992.??.??"]
[Round "?"]
[White "Michiels, Luc"]
[Black "Brameld, Arthur F"]
[Result "0-1"]
[WhiteElo "2235"]
[BlackElo "2095"]
[PlyCount "60"]
[EventDate "1992.??.??"]
[EventType "simul"]
[EventRounds "7"]

1. e4 Nf6 2. e5 Nd5 3. d4 d6 4. Bc4 Nb6 5. Bb3 dxe5 6. Qf3 e6 7. dxe5 Nc6 8. Qg3 Nd4 9. Nf3 Nf5 10. Qh3 c5 11. Nbd2 Bd7 12. O-O Bc6 13. c3 Be7 14. Rd1 Qc7 15. Bc2 g6 16. Ne4 Rd8 17. Bf4 Nd5 18. Bg5 Bxg5 19. Nexg5 h5 20. Bxf5 gxf5 21. Qg3 h4 22. Nxh4 f4 23. Qg4 Qxe5 24. Nhf3 Qg7 25. c4 f5 26. cxd5 fxg4 27. Nxe6 Qh6 28. Ne5 Qxh2+ 29. Kf1 Bb5+ 30. Ke1 Qg1+ 0-1

[Event "NATO, Munster"]
[Site "?"]
[Date "1992.??.??"]
[Round "?"]
[White "Brameld, Arthur F"]
[Black "Krudde, F."]
[Result "0-1"]
[WhiteElo "2095"]
[BlackElo "2265"]
[PlyCount "54"]
[EventDate "1992.??.??"]
[EventType "simul"]
[EventRounds "7"]

1. e4 c5 2. Nf3 d6 3. d4 cxd4 4. Qxd4 Nc6 5. Bb5 Qa5+ 6. Nc3 Bd7 7. Bxc6 bxc6 8. O-O e5 9. Qd3 Be7 10. Bg5 f6 11. Bd2 Qc7 12. Rad1 f5 13. exf5 Nf6 14. Rfe1 O-O 15. Bg5 Rf7 16. Bxf6 gxf6 17. g4 Rb8 18. b3 d5 19. Kh1 $2 Bb4 20. Rg1 $2 e4 21. Nxe4 dxe4 22. Qxe4 c5 23. g5 Bc6 24. gxf6+ Kh8 25. Qg4 Rxf6 26. Rd3 Rbf8 27. Rg3 Rxf5 0-1

[Event "NATO, Munster"]
[Site "?"]
[Date "1992.??.??"]
[Round "?"]
[White "Michalczak, T."]
[Black "Brameld, Arthur F"]
[Result "1-0"]
[WhiteElo "2065"]
[BlackElo "2095"]
[PlyCount "57"]
[EventDate "1992.??.??"]
[EventType "simul"]
[EventRounds "7"]

1. e4 Nf6 2. e5 Nd5 3. d4 d6 4. Nf3 Bg4 5. Be2 e6 6. c4 Nb6 7. exd6 cxd6 8. b3 Be7 9. Nbd2 O-O 10. O-O Nc6 11. Bb2 d5 12. Re1 Bf6 13. c5 Nd7 14. Qc2 $6 Bf5 15. Qc3 g5 { 15....e5! } 16. Bd3 Bxd3 17. Qxd3 Nxc5 18. Qe2 Nd7 19. Ne5 Ndxe5 20. dxe5 Bg7 21. Qh5 h6 22. Nf3 Nb4 23. Rad1 Rc8 24. h4 Nc2 25. hxg5 Nxe1 26. gxh6 Nxf3+ 27. gxf3 f5 28. hxg7 Rc7 $2 29. Qh8+ 1-0

[Event "NATO, Munster"]
[Site "?"]
[Date "1992.??.??"]
[Round "?"]
[White "Brameld, Arthur F"]
[Black "Brouwers, T."]
[Result "1/2-1/2"]
[WhiteElo "2095"]
[BlackElo "1835"]
[PlyCount "20"]
[EventDate "1992.??.??"]
[EventType "simul"]
[EventRounds "7"]

1. e4 e5 2. f4 exf4 3. Nf3 Be7 4. Bc4 Bh4+ 5. Kf1 d6 6. d4 Nc6 7. Bxf4 Bg4 8. Nc3 Qd7 9. h3 Bxf3 10. gxf3 a6 1/2-1/2

[Event "NATO, Munster"]
[Site "?"]
[Date "1992.??.??"]
[Round "?"]
[White "Malchair, David"]
[Black "Brameld, Arthur F"]
[Result "1/2-1/2"]
[WhiteElo "2035"]
[BlackElo "2095"]
[PlyCount "48"]
[EventDate "1992.??.??"]
[EventType "simul"]
[EventRounds "7"]

1. e4 Nf6 2. d3 d6 3. f4 c5 4. Nf3 Nc6 5. g3 g6 6. Bg2 Bg7 7. c3 O-O 8. O-O Bd7 9. Kh1 $6 Qc8 $1 10. Nbd2 Bh3 11. Qe2 Bxg2+ 12. Kxg2 b5 13. Re1 Rb8 14. Rb1 b4 15. c4 Nh5 16. b3 Bc3 17. Rf1 Qa6 18. Bb2 Ng7 $6 19. a4 $1 Ne6 20. Rfc1 Ned4 21. Qd1 Bxd2 22. Nxd2 e5 {22....f5!?} 23. Bxd4 Nxd4 24. Nf3 Nxf3 1/2-1/2

[Event "NATO, Munster"]
[Site "?"]
[Date "1992.??.??"]
[Round "?"]
[White "Brameld, Arthur F"]
[Black "Wilson, E."]
[Result "1/2-1/2"]
[WhiteElo "2095"]
[BlackElo "2190"]
[PlyCount "92"]
[EventDate "1992.??.??"]
[EventType "simul"]
[EventRounds "7"]

1. e4 c5 2. Nf3 e6 3. d4 cxd4 4. Nxd4 a6 5. Nc3 Qc7 6. g3 Nf6 7. Bg2 d6 8. O-O Be7 9. Be3 O-O 10. f4 Nc6 11. Nb3 Rb8 12. a4 b6 13. Qe2 Re8 14. Rad1 Bf8 15. h3 Bb7 16. Kh2 Nb4 17. Qf2 Ba8 18. Bd4 e5 19. fxe5 dxe5 20. Be3 Rec8 21. Rd2 b5 22. axb5 axb5 23. Rfd1 Nxc2 24. Bg5 b4 25. Rxc2 bxc3 26. Rxc3 Qb7 27. Bxf6 Rxc3 28. bxc3 Qxb3 29. Bxe5 Re8 30. Ra1 Bxe4 31. Bd4 Bxg2 32. Kxg2 Qd5+ 33. Kh2 Qc4 34. Re1 Ra8 35. Re2 Ra1 36. Qf3 Qb3 37. Rf2 Ra5 38. Re2 h5 39. h4 Ra2 40. Rxa2 Qxa2+ 41. Kg1 Qb1+ 42. Kf2 Qc2+ 43. Qe2 Qf5+ 44. Qf3 Qc2+ 45. Qe2 Qf5+ 46. Qf3 Qc2+ 1/2-1/2

[Event "Ports Lge"]
[Site "?"]
[Date "1992.??.??"]
[Round "?"]
[White "Webb, Richard M"]
[Black "Brameld, Arthur F"]
[Result "1/2-1/2"]
[WhiteElo "2255"]
[BlackElo "2095"]
[PlyCount "55"]
[EventDate "1992.??.??"]
[EventType "swiss"]

1. c4 Nf6 2. Nc3 g6 3. g3 Bg7 4. Bg2 O-O 5. e4 d6 6. Nge2 c5 7. O-O Nc6 8. d3 a6 9. f4 Bg4 10. h3 Bxe2 11. Nxe2 Nd7 12. Be3 Rb8 13. Rb1 Nd4 14. b4 b5 15. bxc5 dxc5 16. cxb5 axb5 17. e5 Nf5 18. Bf2 e6 19. d4 cxd4 20. Nxd4 Nxd4 21. Qxd4 Qe7 22. Rfd1 Rfd8 23. Qa7 Bf8 24. Bc6 Nc5 25. Qxe7 Rxd1+ 26. Rxd1 Bxe7 27. Be1 b4 28. Bf2 1/2-1/2

[Event "NatClub"]
[Site "?"]
[Date "1992.??.??"]
[Round "?"]
[White "Kemp, P D"]
[Black "Brameld, Arthur F"]
[Result "1-0"]
[WhiteElo "2200"]
[BlackElo "2095"]
[PlyCount "101"]
[EventDate "1992.??.??"]
[EventType "game"]

1. c4 Nf6 2. g3 g6 3. Bg2 Bg7 4. Nc3 O-O 5. d4 d6 6. Nf3 c5 7. O-O Nc6 8. d5 Na5 9. Nd2 Nd7 10. Qc2 Ne5 11. b3 f5 12. f4 Ng4 13. Nf3 e5 14. dxe6 Qf6 15. Bd2 Nc6 16. h3 Nb4 17. Qc1 Ne3 18. Bxe3 Qxc3 19. Qxc3 Bxc3 20. Rad1 Bxe6 21. Rxd6 Rfe8 22. Bxc5 Bf7 23. Ng5 Rxe2 24. Rd7 Be8 25. Bxb4 Bxd7 26. Bd5+ Kg7 27. Bxc3+ Kf8 28. Nxh7+ Ke7 29. Re1 Rxe1+ 30. Bxe1 a5 31. a4 Bc6 32. Bxc6 bxc6 33. b4 Rd8 34. bxa5 Rd1 35. Kf2 Ra1 36. Ke2 Rxa4 37. Kd3 Ra1 38. Bc3 Ra2 39. Ng5 Kd8 40. Ne6+ Kc8 41. Nf8 Rg2 42. Be1 Rg1 43. Ke2 Rh1 44. h4 Rh2+ 45. Bf2 Rh1 46. a6 Rc1 47. Nxg6 Rxc4 48. Ne7+ Kd7 49. a7 Ra4 50. Bc5 Ke6 51. h5 1-0

[Event "Ports Lge"]
[Site "?"]
[Date "1992.??.??"]
[Round "?"]
[White "Brameld, Arthur F"]
[Black "Hagan, M."]
[Result "1/2-1/2"]
[WhiteElo "2095"]
[BlackElo "1935"]
[PlyCount "47"]
[EventDate "1992.??.??"]
[EventType "swiss"]

1. e4 e5 2. f4 exf4 3. Nf3 d5 4. exd5 Nf6 5. Bc4 Nxd5 6. Bxd5 Qxd5 7. Nc3 Qd8 8. d4 Bd6 9. Qe2+ Qe7 10. Qxe7+ Kxe7 11. Bxf4 Re8 12. O-O Bxf4 13. Nd5+ Kf8 14. Nxf4 c6 15. Ne5 Nd7 16. Nc4 Nf6 17. Nd6 Rd8 18. Nxc8 Raxc8 19. c3 Re8 20. Rae1 h6 21. Nd3 Rc7 22. Rxe8+ Kxe8 23. Re1+ Re7 24. Rxe7+ 1/2-1/2

[Event "ColeCup"]
[Site "?"]
[Date "1993.??.??"]
[Round "?"]
[White "Brameld, Arthur F"]
[Black "Webb, Richard M"]
[Result "1/2-1/2"]
[WhiteElo "2095"]
[BlackElo "2310"]
[PlyCount "105"]
[EventDate "1993.??.??"]
[EventType "game"]

1. e4 c5 2. Nf3 d6 3. d4 cxd4 4. Qxd4 Nc6 5. Bb5 Bd7 6. Bxc6 Bxc6 7. Nc3 Nf6 8. Bg5 e6 9. O-O-O Be7 10. Rhe1 O-O 11. e5 dxe5 12. Qh4 Qc7 13. Nxe5 Rfd8 14. Ng4 Nxg4 15. Bxe7 Qf4+ 16. Kb1 Rxd1+ 17. Rxd1 Qf5 18. f3 Ne3 19. Rd2 h6 20. Re2 Nd5 21. Nxd5 Qxd5 22. Qe1 Rc8 23. Rd2 Qf5 24. Qe3 a6 25. b3 Re8 26. Rd8 Rxd8 27. Bxd8 e5 28. Bc7 f6 29. Kb2 Qh5 30. h3 Qg6 31. Qd2 h5 32. Qf2 h4 33. a4 e4 34. fxe4 Bxe4 35. g3 hxg3 36. Qxg3 Qf5 37. Qf4 Qxf4 38. Bxf4 g5 39. Bg3 Kf7 40. h4 gxh4 41. Bxh4 f5 42. c4 Ke6 43. Bg3 Kf6 44. Bf4 Ke6 45. Kc3 Bf3 46. b4 Bd1 47. a5 Be2 48. Kd4 Kd7 49. Kc5 Kc8 50. b5 axb5 51. cxb5 Bf1 52. Kb6 Be2 53. a6 1/2-1/2

[Event "CSCC"]
[Site "?"]
[Date "1993.??.??"]
[Round "2"]
[White "Brameld, Arthur F"]
[Black "Lampert, S."]
[Result "1-0"]
[WhiteElo "2095"]
[BlackElo "1700"]
[PlyCount "87"]
[EventDate "1993.??.??"]
[EventType "simul"]
[EventRounds "8"]

1. e4 c5 2. Nf3 Nc6 3. b4 Nxb4 4. c3 Nc6 5. d4 cxd4 6. cxd4 Nf6 7. d5 Nb8 8. Nc3 d6 9. Be3 e6 10. Qa4+ Bd7 11. Qb3 Na6 12. Qxb7 Nc5 13. Bxc5 dxc5 14. dxe6 fxe6 15. Bb5 Rb8 16. Bxd7+ Nxd7 17. Qc6 Rb6 18. Qa4 Rb4 19. Qa6 Rb6 20. Qc4 Qf6 21. O-O Be7 22. Rad1 Rb4 23. Qa6 Nb6 24. e5 Qf5 25. Ne2 O-O 26. Ng3 Qf4 27. Qxa7 Bd8 28. Rb1 Nd5 29. Qxc5 Be7 30. Qc6 Qh6 31. Rxb4 Nxb4 32. Qb7 Nd5 33. Rd1 Bc5 34. Re1 Rxf3 35. gxf3 Nf4 36. Qc8+ Bf8 37. Re4 Nh3+ 38. Kg2 Nf4+ 39. Rxf4 Qxf4 40. Qxe6+ Kh8 41. Qf5 Qb4 42. Qf7 h6 43. e6 Bd6 44. Nf5 1-0